01003cam a22002655a 4500999001700000005001700017008004100034020001800075020001500093040004300108082002000151100001900171245007000190246007400260250001200334260006500346300002600411504005100437650004200488650002400530651001000554653002400564942000800588952014100596 c26873d2684520201128024357.0080813t2009 mau frb 001 0 eng d a9781598638530 a159863853X aDLCbengcDLCdDLCdEG-ScBUEdEG-ScBUE04a650.14bFRY2221 aFry, Ronald W.10a101 great answers to the toughest interview questions /cRon Fry.3 aOne-hundred-and-one great answers to the toughest interview questions a6th ed. aBoston, MA :bCourse Technology / Cengage Learning,cc.2009. axvi, 182 p. ;c24 cm. aIncludes bibliographical references and index. 7aEmployment interviewing.2BUEsh91331 7aJob hunting.2BUEsh 2BUEsh bBUSADMcOctober2018 2ddc 00102ddc40708BaccahaMAINbMAINc1STd2018-10-10ePurchaseg125.00h21201l0o650.14 FRYp000043232r2025-07-15 00:00:00v156.00yBB